| 000 | 00715nam a2200217 i 4500 | ||
|---|---|---|---|
| 001 | bg | ||
| 245 | 0 | 0 |
_aMechanika teoretyczna i podstawy teorii mechanizmów i robotów. _nT. 1, _pHistoria mechaniki i kinematyka / _cpod red. Anatoliusza Jakowluka. |
| 260 |
_aBiałystok : _bWydawnictwa PB, _c1993 |
||
| 300 |
_a263 s. : _brys., wykr. ; _c24 cm. |
||
| 504 | _aBibliogr. przy rozdz. - Indeks. | ||
| 650 | 9 |
_aMechanika _xteoria |
|
| 650 | 9 | _aMechanika stosowana | |
| 650 | 9 |
_aMaszyny _xteoria |
|
| 655 | _aPodręczniki akademickie | ||
| 700 | 1 |
_aJakowluk, Anatoliusz _d(1929- ). _eRed. |
|
| 040 | _cBPK | ||
| 041 | 0 | _apl | |
| 080 | _a531:621.01](075.8) | ||
| 942 | _cKS | ||
| 008 | s pl f |000 0 pol | ||
| 999 |
_c6756 _d6756 |
||
| 856 |
_uhttp://koha.tu.koszalin.pl/cgi-bin/koha/opac-detail.pl?biblionumber=6756 _yKatalog online BPK |
||